Juhász Andor beszédei [könyvismertetés] /

Elmentve itt :
Bibliográfiai részletek
Szerző: Nyulászi János
További közreműködők: Juhász Andor
Dokumentumtípus: Cikk
Megjelent: 1935
Sorozat:Polgári jog : a hazai és külföldi magánjog és hiteljog szemléje 11
Kulcsszavak:Igazságszolgáltatás magyar könyvismertetés
Online Access:http://misc.bibl.u-szeged.hu/15692
LEADER 00683nab a2200181 i 4500
001 misc15692
005 20191106142240.0
008 170607s1935 hu o 0|| hun d
040 |a SZTE Miscellanea Repozitórium  |b hun 
041 |a hun 
100 1 |a Nyulászi János 
245 1 0 |a Juhász Andor beszédei   |h [elektronikus dokumentum] :  |b [könyvismertetés] /  |c  Nyulászi János 
260 |c 1935 
300 |a 388-389a 
490 0 |a Polgári jog : a hazai és külföldi magánjog és hiteljog szemléje  |v 11 
695 |a Igazságszolgáltatás magyar könyvismertetés 
700 0 1 |a Juhász Andor 
856 4 0 |u http://misc.bibl.u-szeged.hu/15692/1/polgari_jog_1935_388-389a.pdf  |z Dokumentum-elérés